[Event "CAN-ch op"]
[Site "Calgary"]
[Date "1996.07.14"]
[Round "3"]
[White "Philip, Tim"]
[Black "Yoos, John C"]
[Result "1-0"]
[WhiteElo "2186"]
[BlackElo "2445"]
[PlyCount "79"]
[EventDate "1996.07.13"]
[EventType "swiss"]
[EventRounds "10"]
[EventCountry "CAN"]
[SourceTitle "EXT 2022"]
[Source "ChessBase"]
[SourceDate "2021.10.06"]
[SourceVersion "1"]
[SourceVersionDate "2021.10.06"]
[SourceQuality "1"]

1. d4 Nf6 2. c4 g6 3. Nc3 Bg7 4. e4 d6 5. Nf3 0-0 6. Be2 Na6 7. 0-0 Qe8 8. Rb1 e5 9. d5 Nh5 10. Ne1 Nf4 11. Be3 f5 12. f3 Bh6 13. Bf2 Rf6 14. b4 Bf8 15. Qc2 Nxe2+ 16. Nxe2 f4 17. Bh4 Rf7 18. Nd3 Be7 19. Bxe7 Qxe7 20. c5 g5 21. cxd6 cxd6 22. b5 Nc7 23. b6 axb6 24. Rxb6 Ne8 25. Rb3 g4 26. fxg4 Bxg4 27. Ne1 Qg5 28. Kh1 Rc7 29. Qb2 Qh4 30. h3 Bh5 31. Nc3 Rac8 32. Nf3 Qg3 33. Ne2 Qg7 34. Rc3 Nf6 35. Rxc7 Rxc7 36. Nc3 Be8 37. Rc1 Qg3 38. Qb4 Rg7 39. Rg1 Bd7 40. Qxd6 1-0